000 00760nam a2200253Ia 4500
003 OSt
005 20220923224939.0
006 a|||||r|||| 00| 0
007 ta
008 220922b |||||||| |||| 00| 0 hin d
024 _a254,107
037 _cTextual
040 _aARTS
_cARTS
_bhin
041 _2hin
_ahin
082 _aO152,3N218x, K0
100 _aअमृत राय
245 0 _aकसबे का एक दिन
246 _aKasabe kā ek dina
260 _aइलाहाबाद
_b हंस प्रकाशन
_c1960
300 _a143पृ.
_ccm.
650 _aहिन्दी साहित्य
_9156264
942 _hO152,3N218x, K0
_cTEXL
_2CC
999 _c374875
_d374875